| 000 | 00572nam a2200181Ia 4500 | ||
|---|---|---|---|
| 008 | 090124s9999 xx 000 0 und d | ||
| 082 |
_b25944 _a1840 |
||
| 100 | _aकेळकर न. चि. | ||
| 245 | _a फ्रेंच राज्यक्रांती | ||
| 250 | _a3 | ||
| 260 | _c1989 | ||
| 300 | _a175 | ||
| 600 | _aकेळकर न. चि. | ||
| 630 | _a फ्रेंच राज्यक्रांती | ||
| 700 | _aकेळकर न. चि. | ||
| 730 | _a फ्रेंच राज्यक्रांती | ||
| 942 | _cBOOK | ||
| 999 |
_c139431 _d139431 |
||